00738nam a2200193Ia 4500008004100000020001500041020001800056041000800074050002300082100001400105245008700119246007400206260003200280300002200312650004000334650004100374952011200415999001700527200824s9999||||xx |||||||||||||| ||und|| a962891135X a9789628911356 achi aBR1285 b.X57 2008 a邢福增 0a基督教在中國的失敗? : b中國共產運動與基督教史論 /c邢福增 a基督教在中国的失败? :b中国共产运动与基督教史论/ a香港:b道風書社c2008 a267 p.b;c21 cm. aChristianity and politics -- China. aCommunism and Christianity -- China. 00104070aGETSbGETScGENd2020-08-24l0oBR1285 .X57 2008p00005129r2020-08-24 00:00:00w2020-08-24yCB c16946d16946